• 首页
  • 本馆介绍
  • 公告通知
  • 最新文献
  • 馆藏检索
  • 电子资源
  • 读者导购
  • 参考咨询
  • 我的图书馆
  • 登录
  • 详细信息显示
  • 放入我的书架
  • 预约/预借图书
  • 作者相关作品
  • 分类相关作品
  • 丛书相关作品
  • 出版社相关作品

书目信息

  • 表格格式
  • 工作单格式
  • 卡片格式
题名:
教师专业素质
    
 
作者: 经柏龙 著
分册:  
出版信息: 北京   中国社会科学出版社  2012.7
页数: 241页
开本: 24cm
丛书名:
单 册:
中图分类: G451.2
科图分类:
主题词: 师资培养--研究
电子资源:
ISBN: 978-7-5161-1236-6
000 01172nam0 2200253 45
001 1360084937
005 20130530103745.84
010    @a978-7-5161-1236-6@dCNY45.00
100    @a20130513d2012 em y0chiy50 ea
101 0  @achi
102    @aCN@b110000
105    @ay z 000yy
106    @ar
200 1  @a教师专业素质@AJiao Shi Zhuan Ye Su Zhi@e形成与发展@EXing Cheng Yu Fa Zhan@f经柏龙著@FJing Bai Long Zhu
210    @a北京@c中国社会科学出版社@d2012.7
215    @a241页@d24cm
300    @a新视界 新观察 辽宁省创新团队项目 “教师专业素质的构成及其实现模式研究”,课题批准号:2007T170,课题结题号:WTJ2011048的研究成果
330    @a本书以教师专业素质为论题,通过实践分析和理论阐释两个维度,着力研究教师专业素质形成与发展过程中所涉及的基础理论问题,并有针对性地对制约教师专业素质提升的重大问题进行反思,进而提出了有效的解决策略,有益于我国教师教育人才培养模式的改革奠定坚实的理论基础、提供真实的实践模式,为促进教师的专业成长梳理出—个清晰的思路。
517 1  @a形成与发展@AXing Cheng Yu Fa Zhan
606 0  @a师资培养@x研究
690    @aG451.2@v5
701  0 @a经柏龙@AJing Bai Long@4著
801    @aCN@bTANGWEI@c20130522
905    @b0833920-23@dG451.2@e119@f4
    
    教师专业素质:形成与发展/经柏龙著.-北京:中国社会科学出版社,2012.7
    241页;24cm
    新视界 新观察 辽宁省创新团队项目 “教师专业素质的构成及其实现模式研究”,课题批准号:2007T170,课题结题号:WTJ2011048的研究成果
    
    ISBN 978-7-5161-1236-6:CNY45.00
    本书以教师专业素质为论题,通过实践分析和理论阐释两个维度,着力研究教师专业素质形成与发展过程中所涉及的基础理论问题,并有针对性地对制约教师专业素质提升的重大问题进行反思,进而提出了有效的解决策略,有益于我国教师教育人才培养模式的改革奠定坚实的理论基础、提供真实的实践模式,为促进教师的专业成长梳理出—个清晰的思路。
●
相关链接 在E读中查询图书 在五车中查询图书 在当当中查询图书 在豆瓣中查询图书


正题名:教师专业素质     索取号:G451.2/119         预约/预借

序号 登录号 条形码 馆藏地/架位号 状态 备注
1 0833920   208339207   第一样本阅览室/ [索取号:G451.2/119] 在馆    
2 0833921   208339216   第四借阅区/ [索取号:G451.2/119] 在馆    
3 0833922   208339225   教育系资料室/ [索取号:G451.2/119] 在馆    
4 0833923   208339234   教育系资料室/ [索取号:G451.2/119] 在馆    
唐山师范学院图书馆 欢迎您!
大连网信软件有限公司© 版权所有